000 00392nam a22001697a 4500
003 OSt
005 20211221151000.0
008 211221b |||||||| |||| 00| 0 eng d
020 _a81-203-2581-8
040 _cHU
082 _24ed
_a004
_b6
100 _aRAJARAMAN V.
_923894
245 _aFundamentals of Computers
260 _aIndia
_bNew Delhi
300 _f407
942 _2ddc
_cBOOKS
_n0
999 _c23215
_d23215